<?xml version="1.0" encoding="UTF-8"?>
<collection xmlns="http://www.loc.gov/MARC21/slim">
  <record>
    <leader>00000nam  2200000   4500</leader>
    <controlfield tag="001">INLIS000000000003284</controlfield>
    <controlfield tag="005">20190502103942</controlfield>
    <datafield tag="035" ind1="#" ind2="#">
      <subfield code="a">0010-0718003284</subfield>
    </datafield>
    <controlfield tag="008">190502################g##########0#ind##</controlfield>
    <datafield tag="041" ind1=" " ind2=" ">
      <subfield code="a">id</subfield>
    </datafield>
    <datafield tag="082" ind1="#" ind2="#">
      <subfield code="a">152.145</subfield>
    </datafield>
    <datafield tag="090" ind1=" " ind2=" ">
      <subfield code="a">152.145</subfield>
    </datafield>
    <datafield tag="100" ind1=" " ind2="#">
      <subfield code="a">Hartman Taylor</subfield>
    </datafield>
    <datafield tag="245" ind1="1" ind2="#">
      <subfield code="a">The Color Code (Kode Warna) /</subfield>
      <subfield code="c">Taylor Hartman</subfield>
    </datafield>
    <datafield tag="260" ind1="#" ind2="#">
      <subfield code="b">Interaksara,</subfield>
      <subfield code="c">2004</subfield>
    </datafield>
    <datafield tag="650" ind1=" " ind2="#">
      <subfield code="a">kode warna</subfield>
    </datafield>
    <datafield tag="084" ind1="#" ind2="#">
      <subfield code="a">152.145 Har t</subfield>
    </datafield>
    <datafield tag="300" ind1="#" ind2="#">
      <subfield code="a">385 hlm. ;</subfield>
      <subfield code="c">24 cm</subfield>
    </datafield>
    <datafield tag="520" ind1="#" ind2="#">
      <subfield code="a">Temukan warna asli anda dengan The Color Code- dan bebaslkan potensi anda untuk berhasil di tempat kerja serta di rumah. Ayolah, isi tesnya, dan temukan apa yang emmbuat Anda (orang lain) berperilaku demikian. Dengan menjawab 45 pertanyaan profil krpribadian, Andan pasti menemukan diri sendiri, sekaligus: Mengidentifikasi warna Primer Anda; Membaca orang lain dengan mudah dan akurat; Menemukan apa motivator primer Anda; Mengidentifikasi dan mengembangkan kekuatan alami Anda dan mengubah kelemahan Anda; Memperbaiki hubungan dengan diri sendiri dan orang lain; Meningkatkan kinerja pekerjaan Anda. ,</subfield>
    </datafield>
    <datafield tag="856" ind1="#" ind2="#">
      <subfield code="a">Perpustakaan Lembaga Administrasi Negara</subfield>
    </datafield>
  </record>
</collection>
